000 00471cam a22001337a 4500
008 180718b1975 xxu||||| |||| 00| 0 eng d
082 _aC4x54 P212
100 _aParanjape, N.V.
245 _aThe role of directive principles under the Indian constitution
_cby N.V. Paranjape
260 _aAllahabad
_bCentral Law Agency
_c1975
300 _a196p.
500 _aSponsored by Indian Council of Social Science Research, Delhi, Rs.25.00
650 _aConstitutional Law - India
999 _c477327
_d477327